000 01165nam a2200349 a 4500
001 25507
003 CO-ViMGA
005 20230915232101.0
006 Mimo0001698108
008 141112s2004 ck r 000 u spa d
016 _abimoBNE20010680251 SpMaBN
017 _aLE 694 - 2001 Oficina Depósito Legal León
020 _a8439209177
035 _a(OCoLC)434358790
040 _aCO-ViMGA
_bspa
_cCO-ViMGA
041 _aspa
_beng
080 _a087.5 : 82
082 0 4 _a813.48 B87p
100 1 _aBurnett, Frances Hodgson 1849 - 1924
_938950
240 _aLittle Lord Fauntleroy Español
245 1 0 _aEl pequeño lord :
_bversión íntegra /
_cFrances Hodgson Burnett
260 _aMadrid Gaviota [2001]
300 _a202 p., [6] h. de lam. 25 cm
490 _aBiblioteca universal de clásicos juveniles
594 _aTraducción de : Little Lord Fauntleroy
650 1 4 _aNovela juvenil inglesa
_91873
926 _aBNALCALA SG_PETANTI 12/83235 FONDO_MODE 1
927 _aBNALCALA
942 _2ddc
_cBK
956 _a2
980 _a017. LE 694 - 2001 020. 84 - 392 - 0917 - 7 852. 40 M - BN BNALCALA MO03582309 12/83235 DG ALCALA
999 _c33090
_d33090